书目信息 |
| 题名: |
论语选译
|
|
| 作者: | ;“新课标·全悦读”丛书编委会 编 | |
| 分册: | ||
| 出版信息: | 西安 陕西师范大学出版总社有限公司 2017.5 |
|
| 页数: | 222页 | |
| 开本: | 19cm | |
| 丛书名: | “新课标·全悦读”丛书 | |
| 单 册: | ||
| 中图分类: | B222.2-49 | |
| 科图分类: | ||
| 主题词: | 儒家 , 《论语》--青少年读物 | |
| 电子资源: | ||
| ISBN: | 978-7-5613-9063-4 | |
| 000 | 01239oam2 2200253 450 | |
| 001 | 3762 | |
| 005 | 20180527202025.78 | |
| 010 | @a978-7-5613-9063-4@dCNY22.00 | |
| 100 | @a20170512d2017 em y0chiy0110 ea | |
| 101 | 0 | @achi |
| 102 | @aCN@b610000 | |
| 105 | @ay z 000yy | |
| 200 | 1 | @a论语选译@9lun yu xuan yi@f“新课标·全悦读”丛书编委会编 |
| 210 | @a西安@c陕西师范大学出版总社有限公司@d2017.5 | |
| 215 | @a222页@d19cm | |
| 225 | 2 | @a“新课标·全悦读”丛书 |
| 330 | @a《论语》是儒家学派经典之作。《论语选译》一书由李乡状主编、“新课标·全悦读”丛书编委会编写,抽选了部分原典内容进行精读。本书不仅再现原典内容,还在其基础上加入了“名师导读”“注释”“译文”“名师赏析”等栏目。“名师导读”概括各个章节的主要内容及阅读要点;“注释”博采众长,对作品中出现的生僻字词、相关文化知识等进行必要的说明;“译文”与原文和注解相对应,对原文进行精细解说;“名师赏析”部分力求抓住文章的主要内容和特色加以分析,帮助学生很好地了解儒家学派的思想。 | |
| 461 | 0 | @12001 @a“新课标·全悦读”丛书 |
| 606 | 0 | @a儒家 |
| 606 | 0 | @a《论语》@x青少年读物 |
| 690 | @aB222.2-49@v5 | |
| 711 | 02 | @a“新课标·全悦读”丛书编委会@9“ xin ke biao · quan yue du ” cong shu bian wei hui@4编 |
| 801 | 0 | @aCN@b91CIP@c20170512 |
| 905 | @aMuseLib@dB222.2-49@e750 | |
| 论语选译/“新课标·全悦读”丛书编委会编.-西安:陕西师范大学出版总社有限公司,2017.5 |
| 222页;19cm.-(“新课标·全悦读”丛书) |
| ISBN 978-7-5613-9063-4:CNY22.00 |
| 《论语》是儒家学派经典之作。《论语选译》一书由李乡状主编、“新课标·全悦读”丛书编委会编写,抽选了部分原典内容进行精读。本书不仅再现原典内容,还在其基础上加入了“名师导读”“注释”“译文”“名师赏析”等栏目。“名师导读”概括各个章节的主要内容及阅读要点;“注释”博采众长,对作品中出现的生僻字词、相关文化知识等进行必要的说明;“译文”与原文和注解相对应,对原文进行精细解说;“名师赏析”部分力求抓住文章的主要内容和特色加以分析,帮助学生很好地了解儒家学派的思想。 |
| ● |
| 相关链接 |
|
|
|
|
正题名:论语选译
索取号:B222.2-49/750
 
预约/预借
| 序号 | 登录号 | 条形码 | 馆藏地/架位号 | 状态 | 备注 |
| 1 | 1110519 | 211105196 | 第一样本阅览室/ [索取号:B222.2-49/750] | 在馆 | |
| 2 | 1110520 | 211105203 | 教育系资料室/ [索取号:B222.2-49/750] | 在馆 | |
| 3 | 1110521 | 211105212 | 教育系资料室/ [索取号:B222.2-49/750] | 在馆 | |
| 4 | 1110522 | 211105221 | 第一借阅区/ [索取号:B222.2-49/750] | 在馆 |